| Tag |
First Indicator |
Second Indicator |
Subfields |
| LEADER |
00000cam a2200000 a 4500 |
| 001 |
in00000025970 |
| 005 |
20180224063734.0 |
| 008 |
870609s1987 njubf b 00110 eng |
| 010 |
|
|
|a 87945511
|
| 020 |
|
|
|a 0691054983 :
|c $39.50
|
| 035 |
|
|
|a (OCoLC)16078642
|
| 035 |
|
|
|9 AAB9182AM
|
| 040 |
|
|
|a DLC
|c DLC
|d TXA
|d UtOrBLW
|
| 043 |
|
|
|a e-it---
|
| 049 |
|
|
|a TXAM
|c [A12565005]
|
| 050 |
0 |
0 |
|a DG847.17
|b .B46 1987
|
| 082 |
0 |
|
|a 945/.7
|2 19
|
| 100 |
1 |
|
|a Bentley, Jerry H.,
|d 1949-2012.
|
| 245 |
1 |
0 |
|a Politics and culture in Renaissance Naples /
|c Jerry H. Bentley.
|
| 264 |
|
1 |
|a Princeton, N.J. :
|b Princeton University Press,
|c [1987]
|
| 264 |
|
4 |
|c ©1987
|
| 300 |
|
|
|a xi, 327 pages, 2 unnumbered leaves of plates :
|b maps ;
|c 23 cm.
|
| 336 |
|
|
|a text
|b txt
|2 rdacontent
|
| 337 |
|
|
|a unmediated
|b n
|2 rdamedia
|
| 338 |
|
|
|a volume
|b nc
|2 rdacarrier
|
| 504 |
|
|
|a Bibliography: pages 301-320.
|
| 500 |
|
|
|a Includes index.
|
| 651 |
|
0 |
|a Naples (Kingdom)
|x Civilization.
|
| 650 |
|
0 |
|a Renaissance
|z Italy
|z Naples (Kingdom)
|
| 650 |
|
0 |
|a Humanism
|z Italy
|z Naples (Kingdom)
|x History.
|
| 650 |
|
0 |
|a Political science
|z Italy
|z Naples (Kingdom)
|x History.
|
| 999 |
|
|
|a MARS
|
| 999 |
f |
f |
|s 3465b06f-00dd-39f5-8d56-9a7b72bccc17
|i 66f3dec8-43fa-36e8-b7e5-44de87ce9450
|t 0
|
| 952 |
f |
f |
|p ric
|a Texas A&M University
|b Rellis Campus
|c Joint Library Facility
|d Remote Storage
|t 0
|e DG847.17 .B46 1987
|h Library of Congress classification
|i unmediated -- volume
|m A14812565005
|
| 998 |
f |
f |
|a DG847.17 .B46 1987
|t 0
|l Remote Storage
|